Statistics for Sly Cooper Trivia (1-4)

Click here to take the quiz!

General Stats

  • This quiz has been taken 123 times
  • The average score is 22 of 63

Answer Stats

HintAnswer% Correct
The brains of the groupBentley
85%
The brawn of the groupMurray
85%
Master thief and group leaderSly Cooper
85%
Police Officer who has love interest with thiefCarmelita Fox
84%
Animal of aboveHippo
84%
Animal of aboveTurtle
83%
Animal of aboveRaccoon
79%
Name of groupCooper Gang
76%
Demolitions Expert of the Fiendish Five and later Cooper Gang memberPanda King
69%
Leader of Fiendish FiveClockwerk
66%
Master Thief BookThievius Raccoonus
61%
Gunman of the Fiendish FiveMuggshot
58%
Mystic Specialist of the Fiendish FiveMz.Ruby
55%
Police Officer's newest partner and later becomes Clock-LaConstable Neyla
54%
Spice Distributor of Klaww Gang and later Cooper Gang memberDimitri Lousteau
51%
Name of Sly 2Sly 2: Band of Thieves
51%
Leader's father who was killed by Fiendish FiveConner Cooper
46%
Spice Producer of Klaww GangRajan
46%
Creators of Sly CooperSucker Punch
46%
Who stole the Clockwerk parts?Klaww Gang
45%
Who was the Black Baron?Penelope
45%
Chief Engineer of the Fiendish FiveRaleigh
45%
Spice Transporter of Klaww GangJean Bison
44%
Chief Inventor and Leader of Klaww GangArpeggio
41%
Leader who owns the island where the vault is, was apart of Conner Coopers group in the pastDr.M
41%
Murray's masterGuru
41%
Name of Sly 3Sly 3: Honor Among Thieves
41%
Name of Sly 1Sly Cooper and the Thievius Raccoonus
39%
General who forces Panda King's daughter to marry himGeneral Tsao
38%
Hypnotist of Klaww GangThe Contessa
36%
Host of ACES Flying CompetitionBlack Baron
35%
This thing took over miners and even CarmelitaMask of Dark Earth
35%
Plans to destroy VeniceOctavio
34%
Name of Sly 4Sly Cooper: Thieves in Time
30%
Goal of Sly 2Steal back Clockwerk parts
26%
Goal of Sly 3Gain access to Cooper Vault
24%
First Cooper and Ancestor to SlyBob
21%
This item was found after persumed goneCooper Van
21%
Leader who stole aboves caneEl Jefe
20%
Also apart of Conner Cooper's groupJim McSweeney
20%
Japanese Ancestor of SlyRioichi Cooper
20%
Who took over the Sly Cooper series?Sanzaru Games
20%
Leader who stole aboves caneGrizz
18%
What happends to Sly at the end of Sly 3Fakes Amnesia
16%
Gun Slinging Ancestor of SlyTennessee Kid Cooper
16%
What year was the Sly Cooper movie supposed to be released?2016
15%
Where does Sly end up at the end of the game?Egypt
15%
What console debuted Sly CooperPlaystation 2
15%
Console that debuted the HD collectionPlaystation 3
15%
Leader who stole aboves caneBlack Knight
14%
Animal of aboveSkunk
14%
Leader who stole aboves caneToothpick
11%
Goal of Sly 1defeat fiendish five
10%
Villian who wants to erase Cooper AncestryLe Paradox
10%
Arabian Ancestor of SlySalim al-Kupar
10%
Console that introduced cross play for Sly CooperPS Vita
8%
Leader who stole aboves caneMs.Decibel
6%
Smartest Man on the Seven SeasLaFwee
5%
Game where Sly Cooper and Bentley appeared in battling other Playstation characters?Playstation Move Heroes
5%
Knight Ancestor of SlySir Galleth Cooper
5%
Another game Sly Cooper appeared inPlaystation All-Stars Battle Royale
4%
HD collection name of Sly CooperThe Sly Collection
4%
What was announced for Sly Cooper in June of 2017TV Series
4%

Score Distribution

Percentile by Number Answered

Percent of People with Each Score

Your Score History

You have not taken this quiz